| 000 | 00781nam a22002057a 4500 | ||
|---|---|---|---|
| 999 |
_c10257 _d10257 |
||
| 003 | AR-CdUCM | ||
| 008 | 190329b ||||| |||| 00| 0 spa d | ||
| 040 |
_aMUNICIPALIDAD PROVINCIAL DEL CUSCO _cBIBLIOTECA MUNICIPAL DEL CUSCO |
||
| 082 |
_aC / 859.56 / _bV21C |
||
| 100 |
_aValencia Vargas, Faustino. _927000 |
||
| 245 |
_aCantares cuzqueños : _bpoemas / |
||
| 260 |
_aQuillabamba, Cusco : _bTalleres Gráficos Canchis, _c1960. |
||
| 300 |
_a103 páginas ; _c21 cm. |
||
| 650 |
_aPoesías peruanas-Siglo XX _95436 |
||
| 650 |
_a Poesías quechuas-- -Perú-- -Traducciones al español _927001 |
||
| 650 |
_aCusco (Perú : Departamento) _927002 |
||
| 650 |
_aEn la literatura. Cusco (Perú : Departamento)-- -Poesías. _927003 |
||
| 942 |
_2ddc _cLIBROS |
||
| 945 |
_apjha _d2019-05-14 |
||